[Event "Metropolitan Chess League"]
[Site "New York (USA)"]
[Date "1969.??.??"]
[Round "?"]
[White "Anthony Saidy (USA)"]
[Black "Bobby Fischer (USA)"]
[Result "0-1"]
[WhiteElo "2425"]
[BlackElo "2760"]
[Annotator "Eric Schiller"]
[Source ""]
[Remark ""]

{This was the only recorded game Bobby played in 1969, but it is a very
interesting. It was honored as the runner-uip in the Chess Informant voting for
the best game of the first half of 1969. Some of the notes below are based on
personal communications from Tony Saidy, who pointed out several mistakes made by previous commentators.} 1.c4
e5 {Bobby didn't mind being a tempo down in the Sicilian Defense. This is known as
the King's English, and is the boldest and sharpest reply to the English.}
2.Nc3 Nc6 3.g3 f5 {
Another aggressive choice. We now have a reversed form of the Grand Prix Attack
(1.e4 c5 2.Nc3 Nc6 3.f4), but Black has control of the d4-square, so the liberating move d4 isn't achieved immediately.}
{} 4.Bg2 Nf6 5.e3 Bc5 6.d3 f4 {The temporary sacrifice of the f-pawn is a standard part of the Grand Prix strategy, but a tempo down, it is a bit optimistic.}
7.exf4 O-O 8.Nge2 {
Although this move has been subject to criticism, it has been seen in 6 of the
8 games played to this position. Modern authorities consider it a good move,
and that Black cannot achieve full equality from the position!}
{} Qe8 9.O-O d6 10.Na4 Bd4 11.Nxd4 ( 11.fxe5 {is the right move, according to Saidy. No one has taken up his suggestion, which has been a secret for over 3 decades!}
{!} Bg4 {is a reasonable reply, but then White might consider capturing at c6 followed by Qc2.}
) exd4 12.h3 h5 {!?} {
A risky move, but White was establishing a strong kingside attack, so Fischer
had to do something to discourage a pawn advance to g4. Since that is what
Bobby was out to prevent, Saidy should have tried to achieve it somehow.}
{} 13.a3 a5 {Once again, Fischer thwarts White's plans. The pawn will not get to b4 quickly.}
14.b3 Qg6 15.Nb2 Bf5 {
Black's pieces operate effectively on the kingside and put pressure on d3, but
White has plenty of defense. In the long run, his bishop pair should prove to be an advantage.}
{} 16.Qc2 ( 16.Re1 {might have been tried. Play could be very lively after}
Nd7 17.Bf3 Bxh3 18.Bxh5 Qh7 19.Bf3 Nf6 {
which leaves Fischer with a lot of kinside power. White might be able to
operate on the c-file, with such moves as Qc2 and c5, or perhaps advance the
c-pawn to c5 right away. Tossing in the check at d5 is another interesting
option, giving up the bishop pair but opening the c4 square for the knight. For example}
20.Bd5+ Nxd5 21.cxd5 {
and because there is a White rook at e1, the knight has no good retreat. Of
course, it would take great courage to part with the great fianchetto bishop,
leaving the king with no defenders. Then again, White has more of a pawn barrier than Black.}
) Nd7 17.Re1 Nc5 18.Bf1 {White's position is unpleasantly passive. The bishops are no better than the knights.}
Ra6 {!?} {Fischer decides that the rook will play a role at b6. It will eat the pawn at b3!}
19.Bd2 Rb6 20.Bxa5 Rxb3 {} 21.Bd2 ( 21.Bb4 Nxb4 22.axb4
Rxb4 23.Ra3 {might have been considered. White gives back the pawn, but takes control of the a-file.}
) Ra8 22.a4 Ra6 23.a5 Kh7 ( 23...Nb4 24.Bxb4 Rxb4 25.Ra3 {brought White a small advantage in Karpov vs. Bellon, Madrid 1973. So clearly Karpov agreed with Saidy's strategy!}
) 24.Red1 {White is managing to defend all the weaknesses, but it under great pressure. Fischer decides to concentrate on the queenside.}
b6 {!} {?} 25.Be1 bxa5 26.Na4 {!} {
White's pawn sacrifice is followed by a blockade of the e-pawn. The pawn at d3
mut fall too, but by releasing all the tension, Saidy gains freedom to
maneuver. This was probably the best decision, though it clearly concedes the advantage to Fischer.}
Rxd3 27.Bxd3 Bxd3 28.Qa2 {!} {
The idea is that an exchange of knights will bring the queen to c4, where she
defends the pawn at c4 and puts pressure on the light squares.}
{} Nb4 ( 28...Nxa4 {would surely have been countered by}
29.Rxd3 {!} Qxd3 30.Qxa4 {wth excellent drawing chances.} ) 29.Qa3
{?} {This is where the game heads south.} ( 29.Qb2 {!} Nxa4 30.Rxa4
Bc2 {looks very impressive but after} 31.Rxa5 {!} Rxa5 32.Bxb4
Bxd1 33.Bxa5 {the bishops of opposite colors would hold the draw, unless Fischer managed to invade the kingside.}
) Nc2 {!} 30.Qb2 Nxa1 31.Rxa1 Nxa4 32.Rxa4 {If White had chosen correctly at move 29, this position would already have the rooks and a-pawn off the board!}
Qe4 {!} {A powerful centralizing move, which dooms White to defeat.}
33.Bxa5 {?} {Walking into a little combination, but the game was already beyond repair.}
Rxa5 34.Rxa5 Qe1+ 35.Kh2 Qxa5 36.Qxd4 {White resigned.} {}
{} 0-1